International Journal of Interdisciplinary Organizational Studies

Salvato in:
Dettagli Bibliografici
Natura: Periodico
Lingua:inglese
Pubblicazione: Champaign Common Ground Research Networks
Tags: Aggiungi Tag
Nessun Tag, puoi essere il primo ad aggiungerne!!

MARC

LEADER 00000nas1a2200000 4500
001 0269936
005 20250701092133.9
022 |a 2324-7657 
022 |a 2324-7649 
041 0 |a eng 
044 |a US 
245 1 0 |a International Journal of Interdisciplinary Organizational Studies 
264 1 |a Champaign  |b Common Ground Research Networks